| 000 | 00871cam a2200313 4500 | ||
|---|---|---|---|
| 001 | ABS66878 | ||
| 008 | 030731n2003 000 0 eng u | ||
| 035 | _a(Sirsi) u123155 | ||
| 245 | _aFocus 2003: Scandinavia | ||
| 260 | _c2003 | ||
| 490 |
_aEstates Gazette _v(0327) 14 June 2003, 59-73(13) |
||
| 590 | _aABS | ||
| 650 | _aSCANDINAVIA | ||
| 650 | _aDENMARK | ||
| 650 | _aNORWAY | ||
| 650 | _aOSLO | ||
| 650 | _aFINLAND | ||
| 650 | _aSWEDEN | ||
| 650 | _aCOPENHAGEN | ||
| 650 | _aMALMO | ||
| 650 | _aSTOCKHOLM | ||
| 650 | _aHELSINKI | ||
| 650 | _aPROPERTY-COMMERCIAL PROPERTY-OFFICE PROPERTY-OFFICE PROPERTY MARKET | ||
| 650 | _aRENTAL LEVELS | ||
| 650 | _aINDUSTRIAL MARKET | ||
| 650 | _aPROPERTY-COMMERCIAL PROPERTY-RETAIL PROPERTY-RETAIL PROPERTY MARKET | ||
| 690 | _aPROPERTY-COMMERCIAL PROPERTY-COMMERCIAL PROPERTY MARKET | ||
| 942 | _n0 | ||
| 999 |
_c73138 _d73138 |
||